ბათუმის შოთა რუსთაველის სახელმწიფო უნივერსიტეტის ბიბლიოთეკა

იბერიულ-კავკასიური ენათმეცნიერების წელიწდეული : Ежегодник Иберийско-Кавказского Языкознания : ANNUAL Of Ibero-Caucasian Linguistics IX (ბიბ.ჩანაწერი № 52418)

000 -LEADER
fixed length control field 00970nam a2200229Ia 4500
001 - CONTROL NUMBER
control field 19439
003 - CONTROL NUMBER IDENTIFIER
control field GE_BSU
008 - FIXED-LENGTH DATA ELEMENTS--GENERAL INFORMATION
fixed length control field 181216s||||||||xx |||||||||||||| ||und||
020 ## - INTERNATIONAL STANDARD BOOK NUMBER
International Standard Book Number ISSN 0134-9899
040 ## - CATALOGING SOURCE
Transcribing agency GE_BSU
080 ## - UNIVERSAL DECIMAL CLASSIFICATION NUMBER
Universal Decimal Classification number 811.353(058)
245 ## - TITLE STATEMENT
Title იბერიულ-კავკასიური ენათმეცნიერების წელიწდეული : Ежегодник Иберийско-Кавказского Языкознания : ANNUAL Of Ibero-Caucasian Linguistics IX
245 ## - TITLE STATEMENT
Statement of responsibility, etc. სარედ. კოლ. ვ. აბაევი. და სხვ.რედ:ა.ჩიქობავა
260 ## - PUBLICATION, DISTRIBUTION, ETC.
Place of publication, distribution, etc. თბილისი
260 ## - PUBLICATION, DISTRIBUTION, ETC.
Name of publisher, distributor, etc. მეცნიერება
260 ## - PUBLICATION, DISTRIBUTION, ETC.
Date of publication, distribution, etc. 1982
300 ## - PHYSICAL DESCRIPTION
Extent 389გვ.26სმ.
653 ## - INDEX TERM--UNCONTROLLED
Uncontrolled term ენათმეცნიერება
653 ## - INDEX TERM--UNCONTROLLED
Uncontrolled term იბერიულ-კავკასიური წელიწდეული
942 ## - ADDED ENTRY ELEMENTS (KOHA)
Koha item type წიგნი
ეგზემპლარები
Withdrawn status Lost status Damaged status Not for loan Date acquired Barcode Date last seen Price effective from Koha item type
        2018-12-17 48387 2018-12-17 2018-12-17 წიგნი